عرض عادي
عرض مارك
- بحري، منى يونس.
مدخل إسم شخص
001 - رقم الضبط
- حقل الضبط: 13768
003 - معرف رقم الضبط
- حقل الضبط: OSt
005 - تاريخ ووقت أخر عملية
- حقل الضبط: 20120512112424.0
008 - عناصر بيانات ثابتة الطول
- حقل تحكم ثابت الطول: 120512|||a|||||| | ||| d
040 ## - مصدر الفهرسة
- هيئة الفهرسة الأصلية: OSt
- وكالة الكتابة: OSt
100 ## - مدخل -- أسم شخص
- إسم شخص: بحري، منى يونس.
670 ## - بيانات المصدر موجوده
- الاستشهاد بالمصدر: Work cat.: (OSt): بحري، منى يونس., المنهج التربوي :, 2012.
